000 00263 a2200109 4500
999 _c13545
_d13545
008 250712b ||||| |||| 00| 0 eng d
020 _a9781636401720
100 _aPappal Suneja
245 _aRevered reminiscences
260 _bwhite falcon
_c2021
942 _2ddc